| 000 | 00605nam a2200193 a 4500 | ||
|---|---|---|---|
| 001 | 000043565 | ||
| 005 | 20201002044843.0 | ||
| 008 | 140326s2014 dr a 000 0 spa d | ||
| 020 | _a9789945475807 | ||
| 040 |
_aDO-SdBNP _bspa _cBNPHU |
||
| 082 |
_axxx _bxxx |
||
| 100 | 1 |
_aMota, Nikauly de la _971380 |
|
| 245 | 1 | 0 |
_aSí, una mujer puede / _cNikauly de la Mota. |
| 260 |
_aSanto Domingo : _bBúho, _c2014. |
||
| 300 |
_a118 p. : _bil. ; _c23 cm. |
||
| 500 | _a¡Conviertete en la líder de tu vida! | ||
| 500 | _aIncluye datos biográficos de la autora en la cubierta | ||
| 590 | _aInventariado, 2019/VM | ||
| 999 |
_c43054 _d43054 |
||